| 000 | 00947nam a2200265Ia 4500 | ||
|---|---|---|---|
| 003 | OSt | ||
| 005 | 20221005112609.0 | ||
| 006 | a|||||r|||| 00| 0 | ||
| 007 | ta | ||
| 008 | 221004b |||||||| |||| 00| 0 pan d | ||
| 020 |
_a9789382837961 (hbk) _cINR 200.00 |
||
| 024 | _a45231 | ||
| 037 |
_b1053, 08/02/2019, H.K. Prakashan _cTextual |
||
| 040 |
_aCRL _cCRL _bpan |
||
| 041 |
_2pan _apan |
||
| 082 | _aO153,6NDEx, Q9 | ||
| 100 | _aਦੀਦਾਰ, ਦੇਵਿੰਦਰ, ਂਚ. | ||
| 245 | 0 | _aਪੋਹ ਦੀ ਚਾਨਣੀ | |
| 260 |
_aਚੰਡੀਗੜ੍ਹ _bਲੋਕਗੀਤ ਪ੍ਰਕਾFਨ ਭਾਰਤ _c2019 |
||
| 300 |
_a109ਪ੍ਰ0 _ccm. |
||
| 650 | _a ਪੰਜਾਬੀ ਨਿਬੰਧ | ||
| 650 | _aਪੰਜਾਬੀ ਸਾਹਿਤ | ||
| 942 |
_hO153,6NDEx, Q9 _cTEXL _2cc |
||
| 999 |
_c1025380 _d1025380 |
||